Statistics for Most Populated Cities In Countries Beginning With S

Click here to take the quiz!

General Stats

  • This quiz has been taken 35 times
  • The average score is 9 of 15

Answer Stats

PopAnswer% Correct
10,290,000Seoul
91%
7,506,000Riyadh
86%
5,607,000Singapore
86%
3,141,000Madrid
83%
5,185,000Khartoum
77%
1,711,000Damascus
71%
3,256,000Busan
63%
4,276,000Jeddah
54%
2,265,000Mogadishu
51%
1,675,000Mecca
51%
1,800,000Aleppo
46%
2,522,000Daegu
40%
3,002,000Incheon
37%
2,922,000Pretoria
31%
2,396,000Omdurman
20%

Score Distribution

Percentile by Number Answered

Percent of People with Each Score

Your Score History

You have not taken this quiz